<?xml version="1.0" encoding="UTF-8"?>
<record
    xmlns:xsi="http://www.w3.org/2001/XMLSchema-instance"
    xsi:schemaLocation="http://www.loc.gov/MARC21/slim http://www.loc.gov/standards/marcxml/schema/MARC21slim.xsd"
    xmlns="http://www.loc.gov/MARC21/slim">

  <leader>01183nam a22002417a 4500</leader>
  <controlfield tag="003">OSt</controlfield>
  <controlfield tag="005">20190104065947.0</controlfield>
  <controlfield tag="008">180313b        xxu||||| |||| 00| 0 spa d</controlfield>
  <datafield tag="020" ind1=" " ind2=" ">
    <subfield code="a">8425909384</subfield>
  </datafield>
  <datafield tag="040" ind1=" " ind2=" ">
    <subfield code="c">PJ</subfield>
  </datafield>
  <datafield tag="100" ind1=" " ind2=" ">
    <subfield code="a">Pozo, Joan Manuel del  </subfield>
    <subfield code="9">391</subfield>
  </datafield>
  <datafield tag="245" ind1=" " ind2=" ">
    <subfield code="a">Ciceron: conocimiento y pol&#xED;tica /</subfield>
    <subfield code="c">Joan Manuel del Pozo. </subfield>
  </datafield>
  <datafield tag="260" ind1=" " ind2=" ">
    <subfield code="a">Madrid :</subfield>
    <subfield code="b">Centro de Estudios Constitucionales,</subfield>
    <subfield code="c">1993.</subfield>
  </datafield>
  <datafield tag="300" ind1=" " ind2=" ">
    <subfield code="a">197 p.</subfield>
    <subfield code="c">21 cm.</subfield>
  </datafield>
  <datafield tag="490" ind1=" " ind2=" ">
    <subfield code="a">El derecho y la Justicia</subfield>
    <subfield code="v">33</subfield>
  </datafield>
  <datafield tag="500" ind1=" " ind2=" ">
    <subfield code="a">Citas y notas bibliogr&#xE1;ficas a pie de p&#xE1;gina.</subfield>
  </datafield>
  <datafield tag="504" ind1=" " ind2=" ">
    <subfield code="a">Bibliograf&#xED;a: p. 189-197.</subfield>
  </datafield>
  <datafield tag="505" ind1=" " ind2=" ">
    <subfield code="a">Contenido
Introducci&#xF3;n -- Filosof&#xED;a, etimolog&#xED;a, pol&#xED;tica: afirmaci&#xF3;n de la unidad del conocimiento -- Los postulados: la raz&#xF3;n limitada y la res publica tradicional -- Los objetivo ideales: la verdad y la justicia -- Lo criterios posibles: la probabilidad y la concordancia -- Los sujetos privilegiados: El sabio neoacad&#xE9;mico y los pr&#xED;ncipes  -- Coherencia global de la filosof&#xED;a pol&#xED;tica de Cicer&#xF3;n. 
 </subfield>
  </datafield>
  <datafield tag="600" ind1=" " ind2="0">
    <subfield code="9">392</subfield>
    <subfield code="a">CICERON, MARCO TULIO, 106 A.C.-43 A.C.</subfield>
  </datafield>
  <datafield tag="650" ind1=" " ind2="0">
    <subfield code="a">FILOSOFIA</subfield>
    <subfield code="9">393</subfield>
  </datafield>
  <datafield tag="650" ind1=" " ind2="0">
    <subfield code="a">CIENCIAS POLITICAS</subfield>
    <subfield code="9">348</subfield>
  </datafield>
  <datafield tag="942" ind1=" " ind2=" ">
    <subfield code="2">udc</subfield>
    <subfield code="c">LIB</subfield>
    <subfield code="h">101:32</subfield>
    <subfield code="i">POZ</subfield>
  </datafield>
  <datafield tag="999" ind1=" " ind2=" ">
    <subfield code="c">343</subfield>
    <subfield code="d">343</subfield>
  </datafield>
  <datafield tag="952" ind1=" " ind2=" ">
    <subfield code="0">0</subfield>
    <subfield code="1">0</subfield>
    <subfield code="2">udc</subfield>
    <subfield code="4">0</subfield>
    <subfield code="7">0</subfield>
    <subfield code="a">DJS</subfield>
    <subfield code="b">DJS</subfield>
    <subfield code="d">2018-04-28</subfield>
    <subfield code="o">101:32 POZ</subfield>
    <subfield code="p">1755</subfield>
    <subfield code="r">2018-04-28</subfield>
    <subfield code="w">2018-04-28</subfield>
    <subfield code="y">LIB</subfield>
  </datafield>
</record>
